1646 1497 1400 1629 1141 1973 1799 1606 1970 1220 1734 1911 1242 1605 1434 1620 1894 1356 1351 1253 1542 1614 1897 1994 1879 1206 1477 1391 1001 1542 1028 1516 1279 1216 1858 1122 1696 1740 1955 1458 1948 1445 1781 1144 1832 1217 1848 1784 1606 1757 1470 1863 1614 1759 1336 1402 1882 1709 1683 1445 1539 1375 1396 1514 1158 1465 1148 1795 1931 1332 1770 1551 1581 1314 1112 1779 1421 1038 1312 1818 1823 1099 1610 1734 1446 1807 1800 1868 1617 1645 1940 1380 1577 1177 1971 1360 1277 1764 1352 BCNSPRNW ULIB Ver.6.0+V

เปลี่ยนเป็นภาษาไทย

Change to English
 แสดงรายละเอียดบรรณานุกรม
  กลับหน้าหลัก

Brief Record : Get Marc (ISO 2709) : E-mail record : QR code < ปิดหน้าต่าง
LEADER : 00000nam 2200000uu 4500
001    13399128042
003     ULIB
008    220128s2563||||th 000 0 tha d
020    ^a9786165725682
050    ^aนว.^bจ-อ
100    ^aจรสจันทร์
245    ^aโอบฟ้ามาห่มดิน
250    ^aพิมพ์ครั้งที่ 1
260    ^aกรุงเทพฯ :^bกรองอักษร,^c2563
300    ^a432 หน้า;^b21 ซม.
650    ^aนวนิยาย
945    ^p340^l0^i29187
999    ^aกัณชพร จุลอักษร
รายการนี้ยังไม่มีแท็ก
คุณยังไม่ได้ล็อกอิน คุณสามารถมีกิจกรรมร่วมกับเว็บไซต์ได้ แต่ต้องล็อกอินก่อน ::
  ล็อกอิน

รายการสื่อสารสนเทศ

ลำดับที่ ประเภท เลขเรียก/บาร์โค้ด สถานที่ สถานะ
1. วิทยาศาสตร์การแพทย์ และสุขภาพ
วิทยาศาสตร์การแพทย์ และสุขภาพ
นว. จ-อ ฉ.1 
  Barcode: 29187
ห้องสมุดวิทยาเขตนครสวรรค์
►นวนิยาย:l:Fiction
บนชั้น

รายการใกล้เคียง
    ชื่อเรื่อง [โอบฟ้ามาห่มดิน]

    ผู้แต่ง [จรสจันทร์]

    หัวเรื่อง [นวนิยาย]

BibComment


ยังไม่เคยถูกคอมเมนท์

คอมเมนท์ทรัพยากรรายการนี้
  คอมเมนท์: โอบฟ้ามาห่มดิน


 Copyright 2026. Bcnsprnw @Library